LEADER 01119nam 2200325 n 450 001 996384012003316 005 20221107141607.0 035 $a(CKB)1000000000585082 035 $a(EEBO)2240873379 035 $a(UnM)99826661 035 $a(UnM)9927902100971 035 $a(EXLCZ)991000000000585082 100 $a19941229d1699 uy | 101 0 $aeng 135 $aurbn||||a|bb| 200 04$aThe Duke of Guise$b[electronic resource]$eA tragedy. Acted by Their Majesties servants. Written by Mr. Dryden, and Mr. Lee. To which is added, a vindication of the play. By Mr. Dryden 210 $aLondon $cprinted for Jacob Tonson, at Grays-Inn-Gate, next Grays-Inn-Lane$dM DC XCIX. [i.e. 1699] 215 $a[8], 64 p 300 $aReproduction of original in the Harvard University Library. 330 $aeebo-0062 700 $aDryden$b John$f1631-1700.$0166214 702 $aLee$b Nathaniel$f1653?-1692.$4aut 801 0$bCu-RivES 801 1$bCu-RivES 801 2$bCStRLIN 801 2$bWaOLN 906 $aBOOK 912 $a996384012003316 996 $aThe Duke of Guise$92319602 997 $aUNISA LEADER 01237nam0 22003011i 450 001 UON00072499 005 20231205102356.337 100 $a20020107d1898 |0itac50 ba 101 $afre 102 $aDZ 105 $a|||| ||||| 200 1 $aAlger au XVIIIe siècle$fpar Venture de Paradis$gEdité par E. Fagnan 210 $aAlger$cJourdan$d1898 215 $a178 p.$d25 cm 316 $adata inesatta$5IT-UONSI B Afr4/0016 316 $aBIS$5IT-UONSI B Afr4/0016 bis 606 $aAlgeria$xStoria$xSec. 18.$3UONC021699$2FI 620 $aDZ$dAlger$3UONL005716 676 $a965.02$cALGERIA - Storia - 647-1830$v21 700 1$aPARADIS$bVenture : de$3UONV047571$0246288 702 1$aFagnan$bEdmond$3UONV009837 712 $a*Adolphe *Jourdan$3UONV249584$4650 801 $aIT$bSOL$c20250523$gRICA 912 $aUON00072499 950 $aSIBA - SISTEMA BIBLIOTECARIO DI ATENEO$dSI 4 0016 $eSI MR 267 7 0016 data inesatta 950 $aSIBA - SISTEMA BIBLIOTECARIO DI ATENEO$dSI 4 0016 bis $eSI MR 1596 7 0016 bis BIS 996 $aAlger au XVIIIe siècle$91159543 997 $aUNIOR